Soil in Construction (Record no. 321)

MARC details
000 -LEADER
fixed length control field 00355nam a22001577a 4500
020 ## - INTERNATIONAL STANDARD BOOK NUMBER
International Standard Book Number 0-13-441031-9
041 ## - LANGUAGE CODE
Language code of text/sound track or separate title ENG
100 ## - MAIN ENTRY--PERSONAL NAME
Personal name Schroeder .W.L
245 ## - TITLE STATEMENT
Title Soil in Construction
250 ## - EDITION STATEMENT
Edition statement Fourth Ed
260 ## - PUBLICATION, DISTRIBUTION, ETC. (IMPRINT)
Place of publication, distribution, etc Jersey
Name of publisher, distributor, etc Prentice Hall
Date of publication, distribution, etc 1996
300 ## - PHYSICAL DESCRIPTION
Extent 317
650 ## - SUBJECT ADDED ENTRY--TOPICAL TERM
Topical term or geographic name as entry element Agricultural
700 ## - ADDED ENTRY--PERSONAL NAME
Personal name Dickenson .S.E
856 ## - ELECTRONIC LOCATION AND ACCESS
Uniform Resource Identifier Agricultural
Holdings
Withdrawn status Lost status Source of classification or shelving scheme Damaged status Not for loan Home library Current library Shelving location Date acquired Total Checkouts Barcode Date last seen Price effective from Koha item type
    Dewey Decimal Classification     College of Agricultural Engineering and Technology, Dapoli , Library College of Agricultural Engineering and Technology, Dapoli , Library Book Cart 24/08/2021   000091 24/08/2021 24/08/2021 Books

Contact Us: College of Agricultural Engineering and Technology, Dapoli, Dist.- Ratnagiri
Website: https://dbskkv.org Email: caetlibrary2015@gmail.com